🍸Devine le cocktail à partir des ingrédients - Statistiques

Statistiques générales
  • Ce quiz a Ă©tĂ© pris 130 fois
  • Le rĂ©sultat moyen est 6 sur 15
Statistiques - réponses
Ingrédients Cocktail % Correct
Rhum, menthe, sucre, citron vert, eau gazeuse Mojito
97%
Gin, tonic Gin Tonic
65%
Whisky irlandais, café, sucre, crème Irish Coffee
58%
Rhum, jus d’ananas, crème de coco Piña Colada
58%
Vodka, jus de tomate, sauce Worcestershire, céleri Bloody Mary
52%
Tequila, jus d’orange, grenadine Tequila Sunrise
45%
Tequila, triple sec, jus de citron vert, sel Margarita
36%
Gin, vermouth sec, olive ou zeste de citron Martini
35%
Vodka, liqueur de pêche, jus de canneberge, jus d’orange Sex on the Beach
35%
Vodka, jus de canneberge, triple sec, citron vert Cosmopolitan
33%
Rhum blanc, citron vert, sucre de canne Daiquiri
18%
Vodka, liqueur de café, crème White Russian
17%
Champagne, sucre, angostura, zeste de citron Champagne Cocktail
6%
Vodka, jus d’orange Screwdriver
5%
Vodka, liqueur d’orange, jus de citron, sucre Kamikaze
0%
Aucun quiz correspondant
Distribution des résultats
% des personnes avec chaque résultat
Percentile par nombre de réponses
Votre historique - résultats
Vous n’avez pas pris ce quiz